Financial institutions : understanding and managing financial services

Saved in:
Bibliographic Details
Main Author: Rose, Peter S.
Other Authors: Fraser, Donald R.
Format: Book
Language:English
Published: Illinois : BPI IRWIN, 1988
Subjects:
Tags: Add Tag
No Tags, Be the first to tag this record!

MARC

LEADER 00000nam a2200000 i 4500
001 1/37936
008 961001s1988 eng d
020 |a 0-256-06153-X 
035 |l 10024769 
040 |a GR-MY-UA  |b gre  |e aacr 
041 0 |a eng 
082 0 |a 332.10681 
100 1 |a Rose, Peter S. 
245 1 0 |a Financial institutions :  |b understanding and managing financial services /  |c Peter S. Rose, Donald R. Fraser 
260 |a Illinois :   |b BPI IRWIN,   |c 1988 
300 |a 762 p. 
500 |a Include index 
650 0 0 |a Financial institutions  |x Management. 
650 0 0 |a Financial services industry. 
700 1 |a Fraser, Donald R. 
852 |a INST  |b CHIOS  |e 19961001  |h 332.10681 ROS  |p 005200011487  |q 005200011487  |t BK  |y 0 
909 |a Χ  |b 027092